अंग्रेजी राज और हिन्दी की प्रतिबंधित पत्रकारिता / (Record no. 213145)

MARC details
000 -LEADER
fixed length control field 00845nam a22001817a 4500
005 - DATE AND TIME OF LATEST TRANSACTION
control field 20250825143629.0
010 ## - LCCN (DPL NO)
LC control number HIN-130281
020 ## - INTERNATIONAL STANDARD BOOK NUMBER
Terms of availability 600.00
International Standard Book Number 9789390625505
035 ## - SYSTEM CONTROL NUMBER
System control number HN-102627
037 ## - SOURCE OF ACQUISITION
Source of stock number/acquisition DBAD
082 ## - DEWEY DECIMAL CLASSIFICATION NUMBER
Classification number 070.4
100 ## - MAIN ENTRY--PERSONAL NAME
Personal name भदौरिया, सन्तोष
245 ## - TITLE STATEMENT
Title अंग्रेजी राज और हिन्दी की प्रतिबंधित पत्रकारिता /
Statement of responsibility, etc सन्तोष भदौरिया
260 ## - PUBLICATION, DISTRIBUTION, ETC. (IMPRINT)
Place of publication, distribution, etc नई दिल्ली
Name of publisher, distributor, etc लोकभरती प्रकाशन
Date of publication, distribution, etc 2025
270 ## - ADDRESS
Address 1-बी , नेताजी सुभाष मार्ग , दरियागंज ,
City नई दिल्ली
Postal code 110002
300 ## - PHYSICAL DESCRIPTION
Extent 191पृ.
Dimensions 22सेमी (सजिल्द)
942 ## - ADDED ENTRY ELEMENTS (KOHA)
Source of classification or shelving scheme Dewey Decimal Classification
Item type Hindi Books
Classification part 070.4
Call number suffix भदौरि
Holdings
Withdrawn status Lost status Not for loan Collection code Home library Current library Date acquired Source of acquisition Cost, normal purchase price Full call number Barcode Copy number Cost, replacement price Koha item type
      Non-fiction Mobile Library Mobile Library 25/08/2025 DBAD 600.00 070.4 भदौरि HN-102627 1 600.00 Hindi Books

© Delhi Public Library
Hit Counter
free hit counter